| 000 | 01105nam a22003377a 4500 | ||
|---|---|---|---|
| 003 | CHAP | ||
| 005 | 20220329140653.0 | ||
| 008 | 971013s1959 r 00010 d | ||
| 010 | _a55752 | ||
| 011 | _a56724 | ||
| 035 | _a60877 | ||
| 040 | _cCHAP | ||
| 082 |
_a311 _bY85Y |
||
| 100 | 0 | 0 |
_aYule, G. Udny. _9123349 |
| 245 | _aIntroducción a la estadística matemática | ||
| 260 |
_aMadrid : _bAguilar, _c1959 |
||
| 300 | _a740 p. | ||
| 490 | _aBiblioteca de Ciencias Sociales | ||
| 590 |
_aBATCH-UPD _b10 _c20130110 _lUCH01 _h0703 |
||
| 590 |
_aBATCH-UPD _b10 _c20130410 _lUCH01 _h0348 |
||
| 590 |
_aBATCH-UPD _b10 _c20130914 _lUCH01 _h1324 |
||
| 590 |
_aCONVERSION _b10 _c20130109 _lUCH01 _h1330 |
||
| 650 | 1 | 4 |
_aEstadística. _938241 |
| 700 | 0 |
_aKendall, Maurice George. _963012 |
|
| 830 | 0 |
_aBiblioteca de Ciencias Sociales _912278 |
|
| 901 | _aBK | ||
| 942 | _cLIBRO | ||
| 949 |
_a311 Y85Y _bBC _cLIBRO _d33724000301842 _eLIBRO _fc.3 _h902 _i60877 _si |
||
| 949 |
_a311 Y85Y _bBC _cLIBRO _d33724000301859 _eLIBRO _h4571 _i60877 _si |
||
| 949 |
_a311 Y85Y _bBC _cLIBRO _d33724000301867 _eLIBRO _fc.2 _h901 _i60877 _si |
||
| 999 |
_c55752 _d55752 |
||